National Anthem of Belize - Land of the Free - Statistics

General Stats
  • This quiz has been taken 4 times
  • The average score is 40 of 175
Answer Stats
Lyrics % Correct
O,
100%
the
100%
The
100%
Free
67%
Land
67%
land!
67%
of
67%
and
33%
be
33%
grace
33%
let
33%
on
33%
Our
33%
our
33%
we
33%
with
33%
angels,
0%
Arise!
0%
armour,
0%
back
0%
Baymen,
0%
Baymen's
0%
blessed
0%
blood
0%
blue
0%
bold
0%
Brought
0%
by
0%
By
0%
Carib
0%
clan,
0%
clear
0%
comes
0%
coral
0%
democracy.
0%
despots
0%
Drive
0%
Drove
0%
fathers,
0%
flee,
0%
flee-
0%
For
0%
freedom
0%
from
0%
From
0%
God,
0%
hallows
0%
has
0%
haven
0%
here
0%
heritage
0%
hewers
0%
hold
0%
Hondo
0%
invader;
0%
isle,
0%
Keep
0%
lagoon;
0%
liberty!
0%
linger,
0%
longer
0%
manhood
0%
might
0%
moon;
0%
mountains
0%
must
0%
Nature
0%
No
0%
noon!
0%
O'er
0%
old
0%
oppression's
0%
over
0%
pledge
0%
prairies
0%
proud
0%
Put
0%
Rio
0%
rod,
0%
roll;
0%
Sarstoon,
0%
Sea,
0%
Sea!
0%
shall
0%
sires
0%
slavery,
0%
sod,
0%
sons
0%
stars
0%
thee
0%
This
0%
this
0%
Through
0%
thy
0%
to
0%
tomorrow's
0%
tranquil
0%
truth,
0%
tyrants
0%
tyrants,
0%
untold,
0%
valiant
0%
valleys
0%
watch
0%
wealth
0%
where
0%
which
0%
wood.
0%
ye
0%
your
0%
No matching quizzes found
Score Distribution
Percent of People with Each Score
Percentile by Number Answered
Your Score History
You have not taken this quiz